00611 2200217 4500001002100000005001700021006001900038008004100057020002300098035002600121082000900147084001600156100001700172245004400189260005100233300002600284990001100310990002400321990002400345990002400369INLIS00000000000461720171123063254.0a ||| | 171130| ||| |  a 978-602-1659-33-5 a 0010-1117000000000130 a 150 a 150 AFI S20 a AFIN MURTIE00a SSSTTT....SAMPINGMU ORANG GILA LOH.... a YOGYAKARTA b SCRITTO BOOKS PUBLISHER c 2014 a 180 HLMN c 14X21 CM a 28134 a 28134/APBD.II/2016 a 28132/APBD.II/2016 a 28133/APBD.II/2016